<?xml version="1.0" encoding="UTF-8"?>
<collection xmlns="http://www.loc.gov/MARC21/slim">
 <record>
  <leader>02078pamaa2200205   4500</leader>
  <controlfield tag="001">0000050902</controlfield>
  <controlfield tag="005">20121213090000.0</controlfield>
  <controlfield tag="008">121213s2004                             eng  </controlfield>
  <datafield tag="020" ind1="0" ind2="0">
   <subfield code="a">0071433864 (pbk.) </subfield>
  </datafield>
  <datafield tag="090" ind1="0" ind2="0">
   <subfield code="a">BF575.L8 </subfield>
   <subfield code="b">KUS 2004</subfield>
  </datafield>
  <datafield tag="100" ind1="1" ind2="0">
   <subfield code="a">Kustenmacher </subfield>
  </datafield>
  <datafield tag="245" ind1="1" ind2="0">
   <subfield code="a">How to simplify your love : </subfield>
   <subfield code="b">Seven practical steps to letting go of your burdens and living a happier life  </subfield>
   <subfield code="c">Tiki Kustenmacher with Lothar J. Seiwert.</subfield>
  </datafield>
  <datafield tag="260" ind1="0" ind2="0">
   <subfield code="a">New York: </subfield>
   <subfield code="b">McGraw-Hill, </subfield>
   <subfield code="c">2004.</subfield>
  </datafield>
  <datafield tag="300" ind1=" " ind2=" ">
   <subfield code="a">xvii, 264 p.: </subfield>
   <subfield code="b">ill.; </subfield>
   <subfield code="c">23 cm.</subfield>
  </datafield>
  <datafield tag="504" ind1="0" ind2="0">
   <subfield code="a">Includes bibliographical references and index</subfield>
  </datafield>
  <datafield tag="505" ind1="0" ind2="0">
   <subfield code="a">Introduction: Welcome to the land of love -- The first dwelling of love : the tower -- Simplifying idea 1: get to know yourself -- Simplifying idea 2: get closer to yourself -- Simplifying idea 3: fix yourself up -- Simplifying idea 4: prepare yourself for love -- The second dwelling of love : the love tent -- Simplifying idea 5: follow your desire -- Simplifying idea 6: actively seek a life partner -- Simplifying idea 7: learn to flirt--the art of building your tent -- Simplifying idea 8: refine the art of pleasure -- Simplifying idea 9: safeguard your love tent -- The third dwelling of love : the homestead -- Simplifying idea 10: clarify the marriage question -- Simplifying idea 11: build a life together -- Simplifying idea 12: live together intelligently -- Simplifying idea 13: clarify the children question -- Simplifying idea 14: make your life together easier -- The fourth dwelling of love : the dark forest -- Simplifying idea 15: wake up -- Simplifying idea 16: do fight--but fight fair -- Simplifying idea 17: defend your relationship -- Simplifying idea 18: go your separate ways respectfully -- Simplifying idea 19: re-create your relationship -- The fifth dwelling of love : the castle -- Simplifying idea 20: grasp the big picture -- Simplifying idea 21: reconcile the differences -- Simplifying idea 22: live a royal love</subfield>
  </datafield>
  <datafield tag="650" ind1="0" ind2="0">
   <subfield code="a">Interpersonal relations </subfield>
  </datafield>
  <datafield tag="650" ind1="0" ind2="0">
   <subfield code="a">Love </subfield>
  </datafield>
  <datafield tag="700" ind1="1" ind2="1">
   <subfield code="a">Seiwert, </subfield>
   <subfield code="h">Lothar J. </subfield>
  </datafield>
  <datafield tag="901" ind1=" " ind2=" ">
   <subfield code="u">http://www.books.mcgraw-hill.com</subfield>
  </datafield>
 </record>
</collection>
